01443nam a2200337 a 4500001001200000003000800012006001900020007001500039008004100054010001700095020001800112020002700130040002100157035002100178050002300199082001600222245015000238260006300388300005500451504004100506533015200547650004100699650005600740650003300796650006800829655002900897700001900926700001700945710001700962856012600979ebr10558826CaPaEBRm u cr cn|||||||||090625s2009 couab sb 000 0 eng d z 2009024259 z9781583217306 z9781613001516 (e-book) aCaPaEBRcCaPaEBR a(OCoLC)79782326514aTC405b.C55 2009eb04a363.6/122200aClimate change and waterh[electronic resource] :binternational perspectives on mitigation and adaptation /c[edited by Joel Smith, Carol Howe]. aDenver, Colo. :bAmerican Water Works Association,cc2009. aviii, 287 p. :bill. (some col.), maps (some col.) aIncludes bibliographical references. aElectronic reproduction.bPalo Alto, Calif. :cebrary,d2011.nAvailable via World Wide Web.nAccess may be limited to ebrary affiliated libraries. 0aWater-supplyxEnvironmental aspects. 0aWater resources developmentxEnvironmental aspects. 0aWater utilitiesxManagement. 0aClimatic changesxGovernment policyxInternational cooperation. 7aElectronic books.2local1 aSmith, Joel B.1 aHowe, Carol.2 aebrary, Inc.40uhttp://site.ebrary.com/lib/rucke/Doc?id=10558826zAn electronic book accessible through the World Wide Web; click to view